5HLuxD.jpg

KING HENRY VIII SENIOR AND PRIMARY SCHOOL LIBRARY OPAC

Cambridge Lower Secondary English : (Record no. 5153)

000 -LEADER
fixed length control field 01366nam a22002297a 4500
003 - CONTROL NUMBER IDENTIFIER
control field OSt
005 - DATE AND TIME OF LATEST TRANSACTION
control field 20250724101659.0
008 - FIXED-LENGTH DATA ELEMENTS--GENERAL INFORMATION
fixed length control field 250724b ||||| |||| 00| 0 eng d
020 ## - INTERNATIONAL STANDARD BOOK NUMBER
International Standard Book Number 9781108746588
040 ## - CATALOGING SOURCE
Transcribing agency KH8
082 ## - DEWEY DECIMAL CLASSIFICATION NUMBER
Classification number 428 ELS
100 ## - MAIN ENTRY--PERSONAL NAME
Personal name Elsdon, Graham,
Relator term author.
245 ## - TITLE STATEMENT
Title Cambridge Lower Secondary English :
Remainder of title Learner's Book 7 /
Statement of responsibility, etc. Graham Elsdon with Esther Menon.
260 ## - PUBLICATION, DISTRIBUTION, ETC.
Place of publication, distribution, etc. UK ;
Name of publisher, distributor, etc. Cambridge University Press & Assessment ,
Date of publication, distribution, etc. 2021.
300 ## - PHYSICAL DESCRIPTION
Extent 248 pages :
Other physical details color illustrations ;
Dimensions 28 cm.
520 ## - SUMMARY, ETC.
Summary, etc. You will develop your English skills as you discover villains and victims, write about urban pollution and discuss autobiographies. You’ll find a wide range of international fiction, non-fiction, poetry and drama throughout the book to help you develop your understanding of different genres and text types. Each unit is packed with activities that cover reading, writing, speaking and listening, as well as opportunities to develop 21st century skills – such as collaboration and critical thinking. Units end with a project, like conducting a class debate, to help you communicate confidently and understand how to apply your learning to real-world scenarios.
650 ## - SUBJECT ADDED ENTRY--TOPICAL TERM
Topical term or geographic name entry element Revision book
Form subdivision English
650 ## - SUBJECT ADDED ENTRY--TOPICAL TERM
Topical term or geographic name entry element Guidance book
Form subdivision English
650 ## - SUBJECT ADDED ENTRY--TOPICAL TERM
Topical term or geographic name entry element Language focus
Form subdivision English
700 ## - ADDED ENTRY--PERSONAL NAME
Personal name Menon, Esther,
Relator term author.
942 ## - ADDED ENTRY ELEMENTS (KOHA)
Source of classification or shelving scheme
Koha item type Teaching Resources
Holdings
Withdrawn status Lost status Source of classification or shelving scheme Damaged status Not for loan Collection code Permanent Location Current Location Shelving location Date acquired Total Checkouts Full call number Barcode Date due Date last seen Date last checked out Copy number Price effective from Koha item type
          Teaching Resources KH8 Senior School Library KH8 Senior School Library Staff Office 2025-07-24 1 428 ELS TRKHSL006339 2026-07-03 2025-08-20 2025-08-20 ENG 2025-07-24 Teaching Resources
          Teaching Resources KH8 Senior School Library KH8 Senior School Library Staff Office 2025-07-24 1 428 ELS TRKHSL006340 2026-07-03 2025-08-20 2025-08-20 ENG 2025-07-24 Teaching Resources
          Teaching Resources KH8 Senior School Library KH8 Senior School Library Staff Office 2025-07-24 1 428 ELS TRKHSL006341 2026-07-03 2025-08-12 2025-08-12 ENG 2025-07-24 Teaching Resources
          Teaching Resources KH8 Senior School Library KH8 Senior School Library Staff Office 2025-07-24 1 428 ELS TRKHSL006342 2026-07-03 2025-08-20 2025-08-20 ENG 2025-07-24 Teaching Resources

Powered By KH8 IT Dept